Govt. of
Madhya Pradesh

The Intriduction To The Puranas (Record no. 13531)

MARC details
000 -LEADER
fixed length control field 003410000a22001570004500
001 - CONTROL NUMBER
control field 001611
003 - CONTROL NUMBER IDENTIFIER
control field MACL
040 ## - CATALOGING SOURCE
Original cataloging agency MACL
090 ## - LOCALLY ASSIGNED LC-TYPE CALL NUMBER (OCLC); LOCAL CALL NUMBER (RLIN)
-- 13604
-- 13603
100 ## - MAIN ENTRY--PERSONAL NAME
Personal name Pruthi, Raj Kumar
245 ## - TITLE STATEMENT
Title The Intriduction To The Puranas
Statement of responsibility, etc. Raj Kumar Pruthi
260 ## - PUBLICATION, DISTRIBUTION, ETC. (IMPRINT)
Place of publication, distribution, etc. UBSPD,
Date of publication, distribution, etc. 2005
350 ## - PRICE (NR) (BK AM CF MU VM SE) [OBSOLETE]
Price 175
650 ## - SUBJECT ADDED ENTRY--TOPICAL TERM
Topical term or geographic name as entry element Religion
942 ## - ADDED ENTRY ELEMENTS (KOHA)
Call number prefix 294
Koha item type Library Membar
Holdings
Withdrawn status Lost status Source of classification or shelving scheme Damaged status Not for loan Home library Current library Date acquired Cost, normal purchase price Total Checkouts Full call number Barcode Date last seen Uniform Resource Identifier Price effective from Koha item type
          MACL MACL 15/04/2015 175.00   294/PRU CRE019564 02/05/2024 13406 15/04/2015 Books